000 00740pam a2200253 a 4500
008
020 _a0534932886 (hbk.)
049 _aMAIN
090 _aHF1416
_bJAI
100 1 _aJain, Subhash C.
245 1 0 _aInternational marketing management /
_cSubhash C. Jain.
250 _a4th ed.
260 _aBelmont, Calif. :
_bWadsworth,
_cc1993.
300 _axvi, 912 p. :
_bill. ;
_c25 cm.
440 4 _aThe Series in marketing
504 _aIncludes bibliographical references.
500 _aIncludes index.
650 0 _aExport marketing
_xManagement.
907 _a.b10295732
_b11-05-11
_c11-05-11
003
005 20230123125247.0
040 _cNUST
942 _cBOOKS
_kHF1416
_mJAI
999 _c138489
_d138489